| 000 | 00374nam a22001457a 4500 | ||
|---|---|---|---|
| 999 |
_c18074 _d18074 |
||
| 003 | OSt | ||
| 005 | 20230411142651.0 | ||
| 008 | 230411b ||||| |||| 00| 0 eng d | ||
| 040 | _c0 | ||
| 245 | _aLess non-teaching work for teachers pushed / | ||
| 260 |
_aPhilippines : _bSunStar, _cDecember 11, 2019. |
||
| 300 | _a1 page. | ||
| 650 |
_aTeachers. _948362 |
||
| 942 |
_2ddc _cPER |
||